Markov Chain Monte Carlo: stochastic simulation for bayesian inference
Wedi'i Gadw mewn:
| Prif Awduron: | , |
|---|---|
| Fformat: | Llyfr |
| Iaith: | Saesneg |
| Cyhoeddwyd: |
Nueva York
Chapman & Hall CRC
2006
|
| Rhifyn: | 2a. ed |
| Cyfres: | Statistical Science
|
| Pynciau: | |
| Tagiau: |
Ychwanegu Tag
Dim Tagiau, Byddwch y cyntaf i dagio'r cofnod hwn!
|
MARC
| LEADER | 00000cam a2200000 a 4500 | ||
|---|---|---|---|
| 001 | UCI0898 | ||
| 003 | CL-VaPUC | ||
| 008 | 070601e20060000US |||||||||||||||||eng|d | ||
| 020 | |a 1584885874 | ||
| 082 | 0 | 4 | |a 519.23 |b GAM |2 21 |
| 100 | 0 | |a Gamerman, Dani |e author |9 521085 | |
| 700 | 0 | |a Freitas Lopes, Hedibert |e author |9 521086 | |
| 245 | 1 | 0 | |a Markov Chain Monte Carlo: stochastic simulation for bayesian inference |
| 250 | |a 2a. ed | ||
| 300 | |a 323 p | ||
| 942 | |c BK | ||
| 945 | |d 20070601 00:00:00 |a jtorresc | ||
| 260 | |a Nueva York |b Chapman & Hall CRC |c 2006 | ||
| 650 | 0 | |a Análisis estocástico |9 270280 | |
| 650 | 7 | |a PROCESOS DE MARCOV |2 CL-VaPUC |9 521087 | |
| 650 | 7 | |a METODO DE MONTECARLO |2 CL-VaPUC |9 270705 | |
| 583 | |a last modification |c 20181206 04:10:51 |k Rodrigo Vera | ||
| 490 | 0 | |a Statistical Science | |
| 999 | |c 325869 |d 325867 | ||
| 952 | |0 0 |1 0 |4 0 |6 519_230000000000000_GAM_2006 |7 0 |8 A |9 407326 |a BIBING |b BIBING |d 2019-11-22 |i 4343972 |o 519.23 GAM 2006 |p 4343972 |r 2025-01-20 |w 2019-11-22 |y BK |k EII | ||
| 952 | |0 0 |1 0 |3 erd |4 0 |6 519_230000000000000_GAM_2006 |7 0 |8 A |9 407327 |a BIBGIM |b BIBGIM |i 552217K |l 1 |o 519.23 GAM 2006 |p 552217K |r 2025-01-15 |s 2022-10-24 |w 2019-11-22 |y BK |z Catalogado en:20181207 |k EST | ||
| 952 | |0 0 |1 0 |3 erd |4 0 |6 519_230000000000000_GAM_2006 |7 0 |8 A |9 407328 |a BIBGIM |b BIBGIM |i 5522188 |l 4 |o 519.23 GAM 2006 |p 5522188 |r 2025-01-15 |s 2022-11-15 |w 2019-11-22 |y BK |z Catalogado en:20181207 |k EST | ||
| 952 | |0 0 |1 0 |3 erd |4 0 |6 519_230000000000000_GAM_2006 |7 0 |8 A |9 407329 |a BIBGIM |b BIBGIM |i 552220K |l 1 |m 4 |o 519.23 GAM 2006 |p 552220K |r 2025-01-15 |s 2022-06-10 |w 2019-11-22 |y BK |z Catalogado en:20181207 |k EST | ||
| 952 | |0 0 |1 0 |3 erd |4 0 |6 519_230000000000000_GAM_2006 |7 0 |8 A |9 407330 |a BIBGIM |b BIBGIM |i 5522196 |o 519.23 GAM 2006 |p 5522196 |r 2025-01-15 |w 2019-11-22 |y BK |z Catalogado en:20181207 |k EST | ||